000 00443nam a2200181 i 4500
001 bgj
100 1 _aKOONTZ, Dean R[ay]
_d(1945- ).
245 1 0 _aStrangers /
_cDean R. Koontz.
260 _aNew York :
_bBerkley Books,
_c1986.
300 _a681 pp ;
_c18 cm.
650 9 _aHorror tales
020 _a0425092178
040 _cBPK
041 0 _aeng
920 _a0-425-09217-8
942 _cKS
008 s uk f |000 0 eng
999 _c48384
_d48384
856 _uhttp://koha.tu.koszalin.pl/cgi-bin/koha/opac-detail.pl?biblionumber=48384
_yKatalog online BPK